000 00680nam a2200265Ia 4500
005 20260121171259.0
008 008 260114s9999 xx 000 0 eng d
020 _a9789811381539
037 _aEBOOK
040 _aCRL
040 _beng
040 _cCRL
041 _2eng
041 _aeng
084 _qCRL
100 _aPhilip F. Yuan, Yi Min (Mike) Xie, Jiawei Yao, Chao Yan
_91074279
245 0 _aProceedings of the 2019 DigitalFUTURES
260 _bSpringer
260 _bSpringer
260 _c2020
856 _uhttps://link.springer.com/openurl?genre=book&isbn=978-981-13-8153-9
942 _cEBOOK
999 _c1640009
_d1640009